El personaje misterioso #4 - Estadísticas

Estadísticas generales
  • Esta prueba ha sido intentada 96 veces
  • La puntuación promedio es 5 de 7
Estadísticas de respuestas
Hint Respuesta % Correcto
Tiene _____ hijos 2 (Tristán y Cósima)
99%
Su nombre empieza por _____ A
97%
Empezó su actividad en los años _______ Ochenta
75%
Nombre de su ex marido (empieza por P) Pedro (se casaron en 2016 y se divorciaron en 2017)
68%
Título nobiliario Ostenta los títulos nobiliarios de xiii marquesa de Castelldosríus, con grandeza de España,y xxix baronesa de Santa Pau.
52%
NOMBRE Agatha Ruíz de la Prada
34%
Profesión (empieza por d) Diseñadora de moda
33%
No se encontraron pruebas coincidentes
Distribución de puntuación
Porcentaje de gente con cada puntuación
Porcentaje por número respondido
Historial de tus puntuaciones
No has intentado esta prueba.